Determinación de oportunidades de conservación de energía en una empresa procesadora de alimentos
Wedi'i Gadw mewn:
| Prif Awdur: | |
|---|---|
| Fformat: | Llyfr |
| Cyhoeddwyd: |
San José, C.R
2001
|
| Pynciau: | |
| Tagiau: |
Ychwanegu Tag
Dim Tagiau, Byddwch y cyntaf i dagio'r cofnod hwn!
|
MARC
| LEADER | 00000nam a2200000Ia 4500 | ||
|---|---|---|---|
| 003 | 008863 | ||
| 005 | 20221231144157.0 | ||
| 008 | 140114s2001 cr a m 000 ||s d | ||
| 040 | |c cru CEDI | ||
| 090 | |a TFG 4421 | ||
| 100 | |a Iair Kleiman Pollak |9 7547 | ||
| 245 | |a Determinación de oportunidades de conservación de energía en una empresa procesadora de alimentos | ||
| 260 | |c 2001 |a San José, C.R | ||
| 300 | |a vi, 130 hojas : ilustraciones a color | ||
| 500 | |a Proyecto de graduación (licenciatura en ingeniería química)--Universidad de Costa Rica. Facultad de Ingeniería. Escuela de Ingeniería Química | ||
| 650 | |x ALIMENTOS |x INDUSTRIA Y COMERCIO |x CONSERVACION DE LA ENERGIA |x AUDITORIA ENERGETICA |9 7548 | ||
| 942 | |c TFG | ||
| 999 | |c 18018 |d 18018 | ||
